Fußballwappen Regionalliga - Statistiken

Allgemein
  • Dieses Quiz wurde 319 mal gespielt
  • Das Durchschnittsergebnis liegt bei 14 aus 16
Antwortstatistiken
Bildquiz Antwort % Korrekt
Hallescher FC
99%
Chemnitzer FC
96%
1. FC Schweinfurt 05
95%
SV Meppen
94%
BFC Dynamo
92%
FC Rot-Weiß Erfurt
92%
Würzburger Kickers
92%
Stuttgarter Kickers
91%
VfB Oldenburg
87%
Viktoria Berlin
83%
FV Illertissen
80%
FC Gütersloh
78%
Eintracht Norderstedt
77%
FC 08 Villingen
71%
Bremer SV
69%
ZFC Meuselwitz
59%
Keine übereinstimmenden Quizze gefunden
Verteilung der Resultate
Anzahl Personen mit jedem Resultat
Perzentil nach korrekt beantworteten Fragen
Ihre Resultats-Entwicklung
Sie haben dieses Quiz noch nicht gespielt